La escena romana: una breve historia del drama latino en los tiempos de la república
Сохранить в:
| Главный автор: | |
|---|---|
| Формат: | |
| Язык: | испанский |
| Опубликовано: |
Buenos Aires
EUDEBA
1972
|
| Серии: | Biblioteca del universitario. Temas de Eudeba
|
| Предметы: | |
| Метки: |
Добавить метку
Нет меток, Требуется 1-ая метка записи!
|
MARC
| LEADER | 00000nam a2200000 a 4500 | ||
|---|---|---|---|
| 001 | UCV8300 | ||
| 003 | CL-VaPUC | ||
| 008 | 910321e19720000AG |||||||||||||||||spa|d | ||
| 082 | 0 | 4 | |a 872.09 |b BEA |2 21 |
| 100 | 0 | |a Beare, W |e author |9 302360 | |
| 245 | 1 | 3 | |a La escena romana: una breve historia del drama latino en los tiempos de la república |
| 300 | |a 365 p | ||
| 942 | |c BK | ||
| 945 | |d 19910321 00:00:00 | ||
| 260 | |a Buenos Aires |b EUDEBA |c 1972 | ||
| 650 | 7 | |a TEATRO LATINO HISTORIA Y CRITICA |2 CL-VaPUC |9 266399 | |
| 650 | 7 | |a DRAMA LATINO HISTORIA Y CRITICA |2 CL-VaPUC |9 266400 | |
| 650 | 7 | |a TRAGEDIA LATINA HISTORIA Y CRITICA |2 CL-VaPUC |9 266401 | |
| 583 | |a last modification |c 19910321 00:00:00 |k Rodrigo Vera | ||
| 490 | 0 | |a Biblioteca del universitario. Temas de Eudeba | |
| 999 | |c 213838 |d 213836 | ||
| 952 | |0 0 |1 0 |4 0 |6 872_090000000000000_BEA_1972 |7 0 |8 A |9 196610 |a BIBEDU |b BIBEDU |d 2019-11-14 |i 2644703 |o 872.09 BEA 1972 |p 2644703 |r 2019-11-14 |w 2019-11-14 |y BK |k LIT | ||